[Event "EU-ch 19th"]
[Site "Batumi"]
[Date "2018.03.19"]
[Round "3"]
[White "Dubov, Daniil"]
[Black "Postny, Evgeny"]
[Result "1-0"]
[WhiteElo "2701"]
[BlackElo "2579"]
[Annotator "Roiz,M"]
[PlyCount "43"]
[EventDate "2018.03.17"]
[EventType "swiss"]
[EventRounds "11"]
[EventCountry "GEO"]
[SourceTitle "CBM 184"]
[Source "ChessBase"]
[SourceDate "2018.05.16"]
[SourceVersion "1"]
[SourceVersionDate "2018.05.16"]
[SourceQuality "1"]

1. c4 c6 2. Nf3 d5 3. d4 Nf6 4. Nc3 dxc4 5. e4 {GM Daniil Dubov is known as a
player who has undertaken deep theoretical investigations into various
openings. This time he enters into a relatively rare line, where Black can
grab the pawn.} b5 6. Be2 (6. e5 Nd5 7. a4 {is the most common, but after} e6 {
Black mostly manages to complete the development and keep his extra pawn.})
6... e6 7. O-O Bb7 {The resulting position resembles the Anti-Moscow, but
Black's kingside chain isn't exposed by the g7-g5 advance.} 8. b3 Bb4 $146 {
Evgeny is focused on maintaining the material advantage. Surprisingly, this
natural move is a novelty.} ({It is worth paying serious attention to} 8... b4
$5 9. e5 Nd5 10. Nxd5 cxd5 11. bxc4 dxc4 12. Bxc4 Be7 13. Be3 O-O $132 {
with interesting play for both sides - White has some attacking prospects on
the kingside, whereas Black is mostly relying on the queenside passer.}) ({
Another natural continuation -} 8... cxb3 {might be met by} 9. d5 $5 {,
intending to immediately open-up the position and punish Black for delaying
his development. Most likely, this exciting position was deeply analysed by
Daniil before the game:} exd5 ({Possibly,} 9... cxd5 {is also playable, but
White's full compensation for the pawn is undeniable:} 10. exd5 Nxd5 11. Bxb5+
Bc6 12. Qxb3 Nxc3 13. Bxc6+ Nxc6 14. Qxc3 Rc8) 10. exd5 Be7 (10... Nxd5 11.
Nxd5 Qxd5 12. Re1 $1 ({A less promising try is} 12. Qxd5 cxd5 13. Bxb5+ Bc6 14.
Re1+ Kd7 (14... Be7 $2 15. Ba3 {Polivanov,A - Berzina,I Katowice POL 2017, was
lost for Black.}) 15. Ne5+ Kc7 16. Nxc6 Nxc6 17. axb3 Kb6 {and Black is safe.})
12... Qxd1 13. Bxd1+ Kd8 14. Bxb3 Kc7 15. Ng5 $36 {Despite the major
simplifications, White's initiative seems powerful.}) 11. dxc6 Nxc6 12. Qxd8+
Rxd8 13. Bxb5 O-O 14. axb3 $11 {the complications come to an end, and the
subsequent endgame is equal.}) 9. e5 Bxc3 10. exf6 {It turns out, that the
desertion of the bishop from the k-side makes it difficult for Black to
consolidate.} gxf6 {Now the position is getting much sharper - obviously,
Black's king would be in definite danger even after leaving the centre. On the
other hand, the e5 and g5 spots are not vacant for White's pieces any longer.}
(10... Qxf6 $5 {looks scary for a human eye, but it was equally good:} 11. Bg5
({After} 11. Rb1 h6 $1 12. bxc4 b4 13. c5 a5 14. a3 Ba6 15. axb4 axb4 16. Bd2
O-O 17. Bxc3 bxc3 {White would be able to regain the pawn, but Black is OK.})
11... Qf5 12. Rb1 h6 ({But} 12... c5 $6 {is worse:} 13. bxc4 b4 14. d5 $1 $36)
(12... O-O 13. bxc4 Nd7 14. Bd3 Qg4 15. c5 {offers White full compensation for
the pawn.}) 13. Be3 O-O 14. bxc4 Nd7 15. cxb5 cxb5 16. Rxb5 Bd5 {, and Black
manages to successfully complete development and solve the problems.}) 11. Rb1
c5 $1 {Black can afford to give the material back in order to activate the
pieces.} (11... cxb3 $6 {is too greedy:} 12. Qxb3 Ba5 13. Nd2 $1 $40) 12. bxc4
cxd4 {Eliminating the opponent's centre is Black's undeniable achievement, but
the king is still in big danger.} ({It made also sense to lock the b-file by
means of} 12... b4 $5 {For instance,} 13. Bb2 (13. d5 Nd7 14. Be3 Qc7 $132)
13... Bxb2 14. Rxb2 Nd7 15. dxc5 Nxc5 16. Rxb4 Qxd1 17. Rxd1 Bxf3 18. Bxf3 Rc8
$11) 13. Rxb5 ({In the event of} 13. Ba3 b4 14. Bxb4 Be4 15. Bd3 Bxd3 16. Qxd3
Bxb4 17. Rxb4 Nc6 18. Rb7 O-O {White's initiative is hardly worth more than a
pawn.}) 13... Bc6 14. Rc5 {The vulnerablity of Rc5 yields Black extra
defensive resources.} ({The original retreat} 14. Rh5 $5 {would definitely
suit Daniil's style toor. The play might continue:} Na6 15. Bf4 d3 $1 16. Bxd3
Nb4 {, and Black manages to liquidate into an approximately equal endgame.})
14... Be4 {Now the Nb8 isn't tied to protecting the bishop.} ({Another move
deserving serious attention was} 14... Qb6 $5 15. Ba3 Qa6 $1 ({Instead, the
timid} 15... Nd7 $6 {runs into} 16. Rxc6 Qxc6 17. Nxd4 Bxd4 18. Qxd4 Rg8 19. g3
$36 {with a powerful initiative - Black's king is stuck in the centre.}) 16.
Nxd4 Qxa3 17. Nxc6 Nxc6 18. Rxc6 Rd8 19. Qc1 Qxc1 20. Rxc1 Bd4 $11) 15. Bd3
Bxd3 $6 {A dubious decision - White's queen is joining the attack with great
effect.} ({Much better was} 15... Bg6 $1 16. Ba3 O-O {the presense of Bg6
makes Black's king much safer now} 17. h4 Nd7 18. Rb5 a6 19. Rb3 Rc8 20. Bxf8
Nxf8 $132 {would lead to very complex play with mutual chances.}) 16. Qxd3 Na6
$2 {This inaccuate move makes Black's position extremely dangerous.} ({The
more natural} 16... Nd7 {was called for:} 17. Rh5 Qb6 18. Rb5 $1 (18. Rxh7 {
is weaker:} Rg8 19. Rh4 Qb7 20. g3 O-O-O $132) 18... Qc6 19. Nxd4 Bxd4 20. Qxd4
Rg8 21. g3 Ne5 22. Rb3 Rd8 23. Qf4 Rg6 $14 {White is better, but the activity
of his pieces offers Black decent drawing chances.}) 17. Rb5 $1 {Possibly,
this strong move was overestimated by Evgeny.} ({Had White played} 17. Rh5 $2
Rc8 18. Rxh7 Rxh7 19. Qxh7 Rxc4 $132 {the play would be very double-edged.})
17... Qd6 (17... Rb8 {was hardly any better:} 18. Ba3 Rxb5 19. cxb5 Nc7 20. Rb1
Ba5 21. Nd2 $1 $18 {with a decisive attack.}) 18. Nh4 $2 {Daniil's way of
developing the attack has a serious drawback - there are still undeveloped
pieces!} ({A much stronger move was} 18. Rd1 $1 Rd8 19. Qe4 Nc5 20. Qh4 $18 {
and the attack is unstoppable.}) 18... Qc6 $2 {Alas, GM Postny doesn't manage
to withstand the pressure and loses on the spot.} ({At the same time, after} 
18... Rc8 $1 19. Qf3 d3 20. Rb3 Be5 21. Rxd3 Qc6 $14 {the lion's part of
White's advantage would be spoiled.}) 19. Ba3 Rc8 20. Qg3 $1 $18 {Now Black's
king is helpless.} Qxc4 21. Qd6 Bb4 22. Bxb4 1-0

[Event "WchT 8th"]
[Site "Ningbo"]
[Date "2011.07.19"]
[Round "3.2"]
[White "Roiz, Michael"]
[Black "Wang, Yue"]
[Result "1/2-1/2"]
[WhiteElo "2669"]
[BlackElo "2709"]
[Annotator "Roiz,M"]
[PlyCount "63"]
[EventDate "2011.07.17"]
[EventType "team-tourn"]
[EventRounds "9"]
[EventCountry "CHN"]
[SourceTitle "CBM 144"]
[Source "ChessBase"]
[SourceDate "2011.09.16"]
[SourceVersion "1"]
[SourceVersionDate "2011.09.16"]
[SourceQuality "1"]
[WhiteTeam "Israel"]
[BlackTeam "China"]
[WhiteTeamCountry "ISR"]
[BlackTeamCountry "CHN"]

1. d4 d5 2. c4 c6 3. Nc3 Nf6 4. e3 a6 5. Nf3 b5 6. b3 Bg4 7. Bd2 $5 {That move
looks a bit harmless, but at least the resulting positions are much less well
known than after 7.Be2.} Nbd7 ({During the game I was a bit worried about} 7...
e6 8. h3 Bf5 $5 9. g4 Be4 10. g5 b4 11. Nxe4 Nxe4 $132) 8. h3 Bxf3 9. Qxf3 b4
10. Na4 e5 11. Qd1 ({My opponent had a very successful experience ih this
variation:} 11. Rc1 Bd6 12. cxd5 cxd5 13. dxe5 Nxe5 14. Qd1 O-O $1 15. Be2 a5
16. Rc2 Qe7 17. Bc1 Rad8 18. Bb2 Ng6 19. O-O Ne4 20. Bd4 Nh4 $1 $132 {0-1
Carlsen,M (2776)-Wang Yue (2739)/Linares 2009/CBM 129/[Giri,Anish] (64)}) ({
The alterantives are:} 11. O-O-O $6 Be7 12. c5 a5 13. g4 Ne4 $15 {0-1 Gavrilov,
A (2470)-Ivanov,O (2461)/Lipetsk 2009/CBM 131 Extra (24)}) (11. c5 a5 12. Qd1
g6 13. Bd3 Bg7 14. O-O O-O $11) ({and} 11. cxd5 cxd5 12. dxe5 Nxe5 13. Qd1 Bd6
14. Be2 O-O 15. O-O Qe7 16. Rc1 a5 17. Qc2 Rad8 18. Rfd1 Ng6 19. Be1 Qe5 20. g3
h5 $15 {1-0 Lugovoi,A (2509)-Volkov,S (2575)/Moscow 1999/CBM 075 (59)}) 11...
Bd6 $1 $146 {[%mdl 8] In my opinion, this important novelty should solve all
the problems of Black.} ({As we can see, even the top players failed to
achieve equality earlier:} 11... Ne4 12. Bd3 Nxd2 13. Qxd2 exd4 14. O-O (14.
cxd5 cxd5 15. O-O Bd6 16. Bf5 Nf6 17. Qxd4 O-O 18. Rac1 g6 19. Bd3 $14 {
Kramnik,V (2759)-Karjakin,S (2706)/ 2009/Chess Informants 104-106 (23)}) 14...
Be7 $6 15. cxd5 cxd5 16. Bf5 Rb8 17. Qxd4 Nf6 18. Rac1 O-O 19. Rc6 $16 {
Alekseev,E (2716)-Svidler,P (2726)/Nalchik 2009}) 12. Bd3 {My home preparation
was mainly based on that quiet developing move.} ({I didn't like the greedy} 
12. c5 Bc7 13. Bxb4 (13. Bd3 O-O 14. O-O a5 15. a3 Qb8 $13) 13... O-O 14. Be2
Ne4 15. O-O exd4 16. exd4 Qh4 17. Qd3 Rfe8 18. Be1 Nf8 $44 {as it gives Black
very easy play for the pawn.}) 12... O-O 13. O-O a5 14. cxd5 {Finally I have
decided to deviate from my initial plans.} ({The point is that during the game
I rejected} 14. Qc2 Qe7 15. Rfc1 Rfe8 16. cxd5 cxd5 17. Qc6 {in view of:} Ra7
$11 {and Black has everything under control on the queenside. In this position
I even prefer his chances because he may develop a dangerous attack on the
kingside in the future.}) 14... cxd5 15. dxe5 Bxe5 ({I had expected} 15... Nxe5
16. Bb5 Qe7 17. Qe2 Ne4 (17... Ng6 $5) 18. Rfd1 Ng6 19. Be1 Rad8 20. Rac1 Qe5
21. f4 Qe6 $132 {which leads to a very complex position.}) 16. Rc1 Qe7 {
Black has an isolated pawn, but White's pieces are not located well for
exerting any pressure. I guess the position is more or less equal.} 17. Rc2 (
17. Rc6 {is a pointless ''activity'':} Bb8 18. Bb1 Ne5 $132) ({But worth
considering is} 17. Qc2 $5 Rad8 18. Rfd1 Bd6 19. Bf1 Ne4 20. Be1 $132 {at
least keeping all the pieces on the board. In that case Black keeps some
attacking chances, but White is solid enough and has an open c-file at his
disposal.}) 17... Rad8 (17... Ne4 18. Bc1 Qe6 19. Bb2 Bxb2 20. Rxb2 Ndf6 $11)
18. Bc1 {At this point I just wanted to get a rid of my useless bishop.} h5 (
18... Qe6 19. Bb2 Bxb2 20. Rxb2 Ne5 21. Rc2 Rc8 $11) 19. Bb2 ({After} 19. Bb5
Bb8 20. Bb2 Qd6 21. f4 Ba7 22. Bd4 Bxd4 23. Qxd4 Rc8 24. Rfc1 Rxc2 25. Rxc2 Rb8
26. Be2 h4 27. Bf3 Re8 $132 {Black has sufficient counterplay as well.}) 19...
Bxb2 20. Rxb2 Nc5 $6 {I was quite surprised, as my knight is not doing much on
a4.} ({Much more natural and stronger would be} 20... Ne5 21. Rc2 Rc8 22. Be2
g6 23. Qc1 Rxc2 24. Qxc2 Rd8 25. Rc1 Ne4 $132 {[%csl Ra4,Rc3]}) 21. Nxc5 Qxc5
22. Rd2 $6 {Usually it's better to choose the most natural moves. This case in
not an exception.} ({I could pose real problems after} 22. Rc2 $142 Qe7 23. Qc1
{[%cal Gc2c5]} d4 24. e4 $1 $14 (24. Rc7 Qd6 25. e4 Rfe8 26. Qc4 $14)) 22...
Qe7 23. Qe2 ({Now it's too late for} 23. Rc2 Rc8 24. Qc1 Qb7 25. Rc5 g6 26. Rd1
Nd7 $11) 23... g6 24. Rfd1 (24. Rc1 Ne4 25. Bxe4 dxe4 $11) 24... Rc8 (24... Ne4
{was also good enough:} 25. Bxe4 dxe4 26. Rd5 Rxd5 27. Rxd5 Rc8 28. Qd1 Qf6 $11
) 25. Rc2 Ne4 ({Black could exploit the weak spot in my camp immediately:} 
25... Rc3 $142 $11 26. Rxc3 $140 $6 bxc3 27. Qc2 Rc8 28. Be2 Kg7 29. Rd3 Qc5
30. Bf3 Ne4 $15) 26. Bxe4 dxe4 27. Rd5 {Now my rooks are very active and may
attack his pawns. Still, Black may get sufficient counterplay by several
accurate moves.} Rfd8 $1 28. Qd2 ({I couldn't find anything better:} 28. Rxc8
Rxc8 29. Qb2 Rc3 $1 $11 30. Rxa5 $2 Qd8 $19) (28. Qd1 Qf6 29. Rxc8 Rxc8 30.
Rxa5 Qb2 31. Qd4 Qxd4 32. exd4 Rc1+ 33. Kh2 Rf1 34. Kg3 h4+ 35. Kxh4 Rxf2 $11)
28... Qf6 $1 29. Rxc8 (29. Rc4 Kh7 {didn't change anything.}) 29... Rxc8 30.
Rxa5 h4 $1 {Just in time! White cannot keep his extra pawn, as his monarch is
in permanent danger now.} 31. Kh2 (31. Qd4 $6 Qxd4 32. exd4 Rc1+ 33. Kh2 Rf1
$15 {is risky only for White.}) 31... Rd8 32. Rd5 ({A draw was agreed in view
of} 32. Rd5 Rxd5 33. Qxd5 Qxf2 34. Qxe4 Qg3+ 35. Kg1 Qe1+ $11) 1/2-1/2

[Event "Tbilisi FIDE GP"]
[Site "Tbilisi"]
[Date "2015.02.18"]
[Round "4"]
[White "Mamedyarov, Shakhriyar"]
[Black "Tomashevsky, Evgeny"]
[Result "0-1"]
[WhiteElo "2759"]
[BlackElo "2716"]
[Annotator "Roiz,M"]
[PlyCount "85"]
[EventDate "2015.02.15"]
[EventType "tourn"]
[EventRounds "11"]
[EventCountry "GEO"]
[EventCategory "20"]
[SourceTitle "CBM 165"]
[Source "ChessBase"]
[SourceDate "2015.03.11"]
[SourceVersion "1"]
[SourceVersionDate "2015.03.11"]
[SourceQuality "1"]

1. d4 d5 2. c4 c6 3. Nf3 Nf6 4. Nc3 a6 5. e3 Bf5 6. Be2 {This modest-looking
move is quite tricky.} h6 ({The timid} 6... e6 {is hardly sufficient for
achieving equality:} 7. Nh4 Be4 8. f3 Bg6 9. c5 Nbd7 10. O-O Be7 11. b4 $14) 7.
Bd3 {The original idea was employed by Magnus Carlsen. It looks like a loss of
tempi, but sometimes White may exploit some vulnerablity of the kingside pawn
chain.} Bxd3 8. Qxd3 e6 9. O-O ({The immediate} 9. e4 {leads only to
simplifications:} dxe4 10. Nxe4 Nxe4 11. Qxe4 Bb4+ 12. Bd2 Bxd2+ 13. Nxd2 Nd7
$11) 9... Bb4 {A standard way to prevent White from seizing space by means of
e3-e4. In most cases, Black doesn't min exchanging his dark-squared bishop.}
10. Bd2 (10. a3 {achieves nothing special:} Ba5 (10... Bxc3 11. bxc3 O-O 12. a4
Nbd7 13. Ba3 {is a bit better for White.}) 11. b4 Bc7 12. a4 (12. e4 dxe4 13.
Nxe4 Nxe4 14. Qxe4 Nd7 15. Bb2 Nf6 16. Qe2 O-O 17. Ne5 a5 $11) 12... O-O 13.
Ba3 dxc4 14. Qxc4 b5 15. Qb3 Nbd7 $11) 10... O-O 11. b3 $146 {The main idea
behind this innovation is securing a safe square on b2 for the bishop. It
doesn't seem to pose Black any serious problems.} ({After} 11. Rfd1 Bxc3 (11...
a5 12. a3 Bxc3 13. Bxc3 Nbd7 14. Nd2 a4 $11) 12. Bxc3 Nbd7 13. b3 Qe7 14. Rac1
Rac8 {Black was close to full equality, but eventually lost in 1-0 Carlsen,M 
(2881)-Nakamura,H (2772)/Shamkir AZE 2014}) 11... a5 {Protecting the bishop is
a necessary step.} (11... Nbd7 $2 12. Nxd5 Nxd5 13. cxd5 Bxd2 14. dxe6 $16) ({
Another decent way to equalise was:} 11... Qe7 12. Ne5 Nbd7 13. Nxd7 Nxd7 $11)
12. a3 Bxc3 13. Bxc3 Ne4 14. Bb2 {Avoiding further simplifications. However,
the bishop remains quite passive now.} (14. Nd2 Nxc3 15. Qxc3 Nd7 $11) 14...
Re8 {For some reason, Evgeny allows the knight's move to the centre.} ({
Black had no reason for rejecting the natural} 14... Nd7 15. a4 Re8 $11) ({
It was also worth giving serious consideration to} 14... a4 $5 15. b4 Nd6 16.
c5 Nc4 17. Bc3 Nd7 $132 {with a long strategic battle.}) 15. Ne5 Nd7 16. Nxd7
Qxd7 17. f3 {As a result, White is able to get rid of Black's centralised
knight. However, Black's position remains very solid.} Ng5 $1 ({Correctly
avoiding the passive} 17... Nd6 18. c5 Nf5 (18... Nc8 19. e4 a4 20. b4 Na7 21.
e5 Nb5 22. f4 $14) 19. e4 Ne7 20. e5 $14 {It looks like White has good
attacking prospects here.}) 18. a4 ({Now} 18. e4 {can be strongly met by:} a4
19. b4 f5 $1 {and having control over the light squares, Black should be fine.}
) 18... f6 {Evgeny is ready to bring his knight back.} 19. Bc3 Nf7 20. Rad1 {
This move looks logical, but it allows Black to change the character of play.}
(20. e4 Nd6 21. c5 Nf7 22. Rad1 b6 23. cxb6 Qb7 $11) ({It looks like the
prophylactic} 20. Rfd1 $1 {keeping the rook on a1 for a while could be quite
unpleasant for Black:} Red8 21. Rac1 $1 (21. Be1 e5 22. dxe5 Nxe5 23. Qc3 Qe6
24. cxd5 cxd5 $11) 21... Qe7 22. e4 $14) 20... b5 $1 {Getting some space for
the pieces. Black hasn't fully equalised yet, but now the position becomes
less comfortable for Mamedyarov.} ({At the same time, after} 20... Red8 21. e4
b6 22. Be1 $14 {Black could only sit and wait.}) 21. axb5 cxb5 22. c5 {The
only way to fight for a win.} b4 $1 {Evgeny Tomashevsky correctly keeps the
position closed.} (22... a4 {would be premature:} 23. Ra1 Reb8 24. Bb4 Nd8 25.
Rfb1 Nc6 26. Be1 $14) 23. Be1 Nd8 (23... e5 24. Bg3 exd4 25. exd4 Nd8 26. Ra1
Nc6 27. Rfe1 Rxe1+ 28. Bxe1 $14) 24. Bg3 $6 ({It was the right moment for some
prophylaxis:} 24. Rf2 Nc6 25. Ra2 Red8 26. Bg3 e5 27. h3 {White has a
completely safe position, though it is very hard to find any constructive idea.
}) 24... Nc6 (24... a4 $1 25. bxa4 Qxa4 26. h4 Re7 {leads to a complex
position, where Black's play is easier from the human point of view. The
a-passer is really strong here.}) 25. Bd6 $2 {The bishop looks nice there, but
actually it has no much job. At the same time, Black's passer is going to be
be extremely dangerous.} (25. Ra1 {was much better:} e5 26. Rfe1 Qe6 27. Ra2 {
with approximate equality.}) 25... a4 26. bxa4 Rxa4 $15 {Now Black has an
obvious positional advantage.} 27. e4 ({The exchange of rooks wouldn't help
White much:} 27. Ra1 Rea8 28. Rxa4 Rxa4 $15) 27... Ra3 28. Qb5 (28. Qe2 Rea8
29. exd5 exd5 30. Rfe1 Ra2 31. Qd3 f5 $15) 28... Rea8 29. Rfe1 {White is
desperately looking for any counterplay along the ''e'' file.} R8a7 $6 {
Unnecessary prophylaxis.} ({There was the much stronger} 29... R8a5 $142 $1 30.
Qf1 Ra2 31. exd5 exd5 32. Qd3 f5 $15) 30. f4 $1 f5 31. exf5 exf5 {White has no
squares for penetration along the open file, but getting the outpost e5 is
also an achievement.} 32. h3 $1 (32. Be5 Ra2 33. Rb1 Rc2 34. Rec1 Qb7 35. Qxb7
Rxc1+ 36. Rxc1 Rxb7 $15) (32. Qe2 Ra2 33. Qf3 Qf7 $15) 32... Kh7 {Evgeny is
not in a rush. He has every reason to improve his position step by step.} 33.
Kh2 $1 {Till now Shakhriyar has been defending precisely. It is not easy for
Black to make any progress.} Rb7 (33... Ra2 34. Qf1 Rb2 (34... R7a3 35. Re2 Qf7
36. Be5 $11) 35. Rd3 $1 Raa2 36. Rg3 $132) 34. Qe2 Qf7 (34... b3 {doesn't give
much:} 35. Rd2 Rb4 36. Be5 $11 {and there is no way to promote.}) 35. Rd3 Qg6
36. Red1 Rba7 37. Be5 {It looks like White has consolidated and has excellent
drawing chances.} Na5 {Delivering the knight to c4 looks nice, but now White's
passer is getting stronger.} 38. Qe1 $2 {This move is connected with a
tactical blunder, but the refutation wasn't easy.} (38. Rxa3 bxa3 39. Qf3 Nc4
40. Ra1 a2 41. Qf2 Qa6 42. c6 Qxc6 43. Rxa2 $11) 38... Qa6 $2 {Returning the
favour.} ({I guess, after} 38... Nc4 $1 39. c6 (39. Rg3 Rxg3 40. Qxg3 Qxg3+ 41.
Kxg3 b3 42. c6 b2 43. c7 Ra8 44. Rb1 Kg6 $19) (39. Qxb4 Ne3 $1 40. Rxe3 Rxe3
41. Qd2 Raa3 $19) {both players must have missed} 39... Nb2 $1 40. Rxa3 bxa3
41. c7 Nxd1 42. c8=Q a2 $19) 39. Rxa3 bxa3 40. Bd6 $1 {Black's pieces are far
away from their monarch.} Qc8 ({Black couldn't avoid a draw after} 40... a2 41.
Qe6 $11) 41. Rb1 $2 {A terrible mistake, which leads to an immediate loss.} ({
At the same time, the patient} 41. Qc3 $1 Nc4 42. Be5 Qb7 43. Ra1 Kg8 44. Qd3
Qd7 45. Ra2 {most probably would allow White to save this game. Indeed, the
vulnerablity of Black's king and the strong Pc5 don't allow Black to make
progress.}) 41... a2 42. Rb8 Qd7 $19 {White cannot create any threats, so the
a-pawn decides the game now.} 43. Qa1 {Black has many winning possibilities
here, so Shakhriyar resigns. An important victory for Tomashevsky, who was
able to win the whole event very convincingly!} 0-1